[Event "CYCC U12 w"]
[Site "Quebec CAN"]
[Date "2008.07.16"]
[Round "5"]
[White "Kalaydina, Regina Veronicka"]
[Black "Ding, Jill"]
[Result "1-0"]
[WhiteElo "1509"]
[BlackElo "991"]
[PlyCount "125"]
[GameId "2160767910354138"]
[EventDate "2008.07.14"]
[EventType "swiss"]
[EventRounds "6"]
[EventCountry "CAN"]
[SourceTitle "EXT 2011"]
[Source "ChessBase"]
[SourceDate "2011.11.26"]
[SourceVersion "1"]
[SourceVersionDate "2011.11.26"]
[SourceQuality "1"]

1. e4 e6 2. d4 d5 3. exd5 exd5 4. Bd3 Bd6 5. Nf3 Ne7 6. Bg5 f6 7. Bh4 Bg4 8. Bg3 Nbc6 9. c3 Qd7 10. Nbd2 O-O-O 11. O-O g5 12. Bxd6 Qxd6 13. b4 Rdg8 14. b5 Nb8 15. Qa4 Bxf3 16. Nxf3 g4 17. Nd2 a6 18. bxa6 Nxa6 19. Rab1 Nb8 20. Qa7 Qc6 21. Bb5 Qb6 22. Bd7+ Nxd7 23. Qa8+ Nb8 24. Rxb6 cxb6 25. Rb1 Kc7 26. Qa3 Nc8 27. c4 dxc4 28. Nxc4 Nd7 29. Qg3+ Kd8 30. Nd6 Nxd6 31. Qxd6 Re8 32. Rc1 Re2 33. d5 Rhe8 34. Qc7+ Ke7 35. d6+ Kf8 36. Kf1 Rxa2 37. Qxd7 Ree2 38. Qc8+ Kf7 39. Qc4+ Ke8 40. Qxe2+ Rxe2 41. Kxe2 Kd7 42. Rd1 b5 43. Rb1 b4 44. Rxb4 Kxd6 45. Rxb7 h5 46. Rh7 Ke5 47. Rxh5+ Kf4 48. Kd3 f5 49. g3+ Ke5 50. Ke3 Kf6 51. Kf4 Ke6 52. Rxf5 Kd6 53. Kxg4 Ke6 54. h4 Ke7 55. h5 Ke6 56. h6 Ke7 57. h7 Ke6 58. h8=Q Kd6 59. Qe5+ Kc6 60. Rf6+ Kd7 61. Rf7+ Kc6 62. Rc7+ Kb6 63. Qc5+ 1-0

[Event "CYCC U12 w"]
[Site "Quebec CAN"]
[Date "2008.07.16"]
[Round "5"]
[White "Kieu, Audree Anne"]
[Black "Giblon, Rebecca"]
[Result "1/2-1/2"]
[WhiteElo "1258"]
[BlackElo "1520"]
[PlyCount "119"]
[GameId "2160767910354139"]
[EventDate "2008.07.14"]
[EventType "swiss"]
[EventRounds "6"]
[EventCountry "CAN"]
[SourceTitle "EXT 2011"]
[Source "ChessBase"]
[SourceDate "2011.11.26"]
[SourceVersion "1"]
[SourceVersionDate "2011.11.26"]
[SourceQuality "1"]

1. e4 e5 2. Nf3 Nc6 3. Nc3 Nf6 4. a3 d5 5. Bb5 Bg4 6. h3 Bxf3 7. Qxf3 d4 8. Ne2 Qd6 9. c3 O-O-O 10. O-O a6 11. Bc4 Rd7 12. cxd4 exd4 13. d3 Ne5 14. Qf4 Nxc4 15. dxc4 Qxf4 16. Nxf4 Nxe4 17. Nd5 Bc5 18. b4 Ba7 19. Re1 f5 20. f3 d3+ 21. Be3 d2 22. Red1 Bxe3+ 23. Nxe3 Nc3 24. Rf1 Rhd8 25. Nd1 Nxd1 26. Raxd1 Rd3 27. Rf2 Rxa3 28. Rfxd2 Rxd2 29. Rxd2 Ra4 30. Rb2 a5 31. bxa5 Rxc4 32. Kf2 Rd4 33. Ke3 c5 34. Rb5 f4+ 35. Ke2 c4 36. Kf2 h6 37. g4 fxg3+ 38. Kxg3 Kb8 39. a6 Rd7 40. axb7 Rxb7 41. Rc5 Rc7 42. Rd5 c3 43. Rd1 Kb7 44. Kf2 Kb6 45. Ke3 Kb5 46. Rc1 Kb4 47. Kd3 Kb3 48. Rb1+ Ka2 49. Kc2 Re7 50. Rf1 Re3 51. h4 Ka3 52. f4 Kb4 53. f5 Kc4 54. f6 gxf6 55. Rxf6 Re2+ 56. Kc1 Kb3 57. Rb6+ Ka4 58. Rxh6 Kb3 59. Rb6+ Ka3 60. h5 1/2-1/2

[Event "CYCC U12 w"]
[Site "Quebec CAN"]
[Date "2008.07.16"]
[Round "5"]
[White "Powell, Ashley"]
[Black "Jodoin, Gabrielle"]
[Result "1-0"]
[WhiteElo "1234"]
[BlackElo "1070"]
[PlyCount "53"]
[GameId "2160767910354140"]
[EventDate "2008.07.14"]
[EventType "swiss"]
[EventRounds "6"]
[EventCountry "CAN"]
[SourceTitle "EXT 2011"]
[Source "ChessBase"]
[SourceDate "2011.11.26"]
[SourceVersion "1"]
[SourceVersionDate "2011.11.26"]
[SourceQuality "1"]

1. e4 e5 2. Nf3 Nf6 3. Bc4 Nc6 4. d4 exd4 5. e5 d5 6. Bb5 Ne4 7. Nxd4 Bc5 8. Be3 Bd7 9. Bxc6 bxc6 10. O-O O-O 11. Nd2 Nxd2 12. Qxd2 Bb6 13. Nb3 Bxe3 14. Qxe3 Re8 15. Nc5 Bf5 16. c3 Rb8 17. b4 f6 18. Qf4 Rxe5 19. Qd4 Qd6 20. Na6 Rb6 21. Nc5 Bg6 22. Na4 Rh5 23. g3 Rb5 24. Qxa7 Bf5 25. Rae1 Bh3 26. Qa8+ Kf7 27. Qe8# 1-0

[Event "CYCC U12 w"]
[Site "Quebec CAN"]
[Date "2008.07.16"]
[Round "5"]
[White "Wang, Yan"]
[Black "Hou, Louisa Qianqian"]
[Result "1-0"]
[WhiteElo "1587"]
[BlackElo "1331"]
[PlyCount "69"]
[GameId "2160767910354141"]
[EventDate "2008.07.14"]
[EventType "swiss"]
[EventRounds "6"]
[EventCountry "CAN"]

1. e4 c5 2. Nf3 d6 3. c3 Nf6 4. Be2 g6 5. O-O Bg7 6. h3 Nc6 7. d4 cxd4 8. cxd4 O-O 9. Nc3 e6 10. Rb1 a5 11. Bg5 h6 12. Bh4 b6 13. Qc1 Qd7 14. Bb5 Ba6 15. Bxa6 Rxa6 16. Qd2 Rc8 17. Rbd1 Rd8 18. Qe2 Qb7 19. Rfe1 Rd7 20. Rc1 Ra8 21. Qe3 b5 22. b3 b4 23. Na4 Qb5 24. Rc4 e5 25. d5 Nd4 26. Nxd4 exd4 27. Qxd4 g5 28. Bg3 Nh5 29. Qb6 Rb8 30. Rc8+ Bf8 31. Rxb8 Qd3 32. Bxd6 Qd2 33. Ra1 Nf6 34. Bxf8 Kh7 35. Qxf6 1-0

[Event "CYCC U12 w"]
[Site "Quebec CAN"]
[Date "2008.07.16"]
[Round "5"]
[White "Xu, Grace"]
[Black "Sanders, Jasmine"]
[Result "1/2-1/2"]
[WhiteElo "1202"]
[BlackElo "1160"]
[PlyCount "72"]
[GameId "2160767910354143"]
[EventDate "2008.07.14"]
[EventType "swiss"]
[EventRounds "6"]
[EventCountry "CAN"]
[SourceTitle "EXT 2011"]
[Source "ChessBase"]
[SourceDate "2011.11.26"]
[SourceVersion "1"]
[SourceVersionDate "2011.11.26"]
[SourceQuality "1"]

1. d4 d5 2. c4 dxc4 3. Nc3 e6 4. e4 Bb4 5. Bd2 Nf6 6. Nf3 Bxc3 7. Bxc3 O-O 8. Qc2 b6 9. Bxc4 Bb7 10. d5 exd5 11. exd5 Nxd5 12. Bxd5 Re8+ 13. Kf1 Bxd5 14. Rd1 Bc4+ 15. Kg1 Qe7 16. Re1 Qd7 17. Rxe8+ Qxe8 18. Ng5 g6 19. b3 Ba6 20. h3 Qc6 21. Kh2 Qd6+ 22. g3 Nd7 23. Rd1 Qc6 24. Qd2 Bb7 25. f3 Rd8 26. Qf4 Rf8 27. Bb4 Nc5 28. Bxc5 Qxc5 29. Rd2 Qe7 30. h4 h6 31. Nh3 Rd8 32. Qxh6 Rxd2+ 33. Qxd2 Bxf3 34. Ng1 Bc6 35. Ne2 Qe4 36. Nc3 Qe5 1/2-1/2

[Event "CYCC U12 w"]
[Site "Quebec CAN"]
[Date "2008.07.16"]
[Round "6"]
[White "Giblon, Rebecca"]
[Black "Ding, Jill"]
[Result "1-0"]
[WhiteElo "1520"]
[BlackElo "991"]
[PlyCount "113"]
[GameId "2160767910354144"]
[EventDate "2008.07.14"]
[EventType "swiss"]
[EventRounds "6"]
[EventCountry "CAN"]
[SourceTitle "EXT 2011"]
[Source "ChessBase"]
[SourceDate "2011.11.26"]
[SourceVersion "1"]
[SourceVersionDate "2011.11.26"]
[SourceQuality "1"]

1. e4 e6 2. d4 d5 3. e5 c5 4. c3 Nc6 5. Nf3 Qb6 6. Be2 cxd4 7. cxd4 Nge7 8. Nc3 Nf5 9. Bb5 Bd7 10. Bxc6 Bxc6 11. O-O Bb4 12. Ne2 Bb5 13. a3 Be7 14. Re1 O-O 15. b3 Bxe2 16. Rxe2 Rac8 17. Bb2 Rc6 18. Qd3 Rfc8 19. Ne1 Bh4 20. Nf3 Qd8 21. g3 Bg5 22. Nxg5 Qxg5 23. Kg2 Nh4+ 24. Kh1 Rc1+ 25. Bxc1 Rxc1+ 26. Re1 Rxa1 27. Rxa1 Qg4 28. gxh4 Qxh4 29. Rc1 Kf8 30. Qc2 g6 31. Qc5+ Kg7 32. Qc2 Qxd4 33. Re1 h5 34. Qe2 h4 35. Qe3 Qb2 36. Qxa7 Qxb3 37. Qe3 Qc4 38. Rc1 Qg4 39. h3 Qf5 40. Kg2 g5 41. a4 g4 42. Re1 b6 43. Kh2 Qg6 44. hxg4 Qxg4 45. Rg1 Qxg1+ 46. Kxg1 Kg6 47. Qxb6 Kg5 48. Qe3+ Kg4 49. Kh2 Kf5 50. a5 f6 51. exf6 Kxf6 52. a6 e5 53. a7 d4 54. Qf3+ Ke6 55. a8=Q Kd6 56. Qfd5+ Ke7 57. Qac6 1-0

[Event "CYCC U12 w"]
[Site "Quebec CAN"]
[Date "2008.07.16"]
[Round "6"]
[White "Hou, Qian Qian"]
[Black "Sanders, Jasmine"]
[Result "1-0"]
[WhiteElo "1331"]
[BlackElo "1160"]
[PlyCount "43"]
[GameId "2160767910354146"]
[EventDate "2008.07.14"]
[EventType "swiss"]
[EventRounds "6"]
[EventCountry "CAN"]
[SourceTitle "EXT 2011"]
[Source "ChessBase"]
[SourceDate "2011.11.26"]
[SourceVersion "1"]
[SourceVersionDate "2011.11.26"]
[SourceQuality "1"]

1. d4 d5 2. c4 dxc4 3. Nc3 e6 4. Nf3 Bb4 5. e3 b6 6. a3 Bxc3+ 7. bxc3 Nf6 8. Bxc4 O-O 9. Bd3 Bb7 10. O-O Qd6 11. Re1 Ne4 12. Bb2 Qd5 13. c4 Qc6 14. Rc1 Ng5 15. e4 Nxf3+ 16. Qxf3 Ba6 17. d5 exd5 18. cxd5 Qh6 19. Rxc7 Qd2 20. Bc3 Qxd3 21. Qg4 f6 22. Qxg7# 1-0

[Event "CYCC U12 w"]
[Site "Quebec CAN"]
[Date "2008.07.16"]
[Round "6"]
[White "Jodoin, Gabrielle"]
[Black "Xu, Grace"]
[Result "0-1"]
[WhiteElo "1070"]
[BlackElo "1202"]
[PlyCount "114"]
[GameId "2160767910354147"]
[EventDate "2008.07.14"]
[EventType "swiss"]
[EventRounds "6"]
[EventCountry "CAN"]
[SourceTitle "EXT 2011"]
[Source "ChessBase"]
[SourceDate "2011.11.26"]
[SourceVersion "1"]
[SourceVersionDate "2011.11.26"]
[SourceQuality "1"]

1. e4 e6 2. d4 d5 3. Nc3 Nc6 4. Be3 Bb4 5. Qd2 h6 6. O-O-O Nf6 7. f3 dxe4 8. a3 Ba5 9. h3 e5 10. dxe5 Qxd2+ 11. Bxd2 Nxe5 12. b4 Bb6 13. fxe4 O-O 14. Nf3 Nxf3 15. gxf3 Be6 16. Bf4 Rad8 17. Be2 Bd4 18. Nb5 Bb6 19. Nxc7 Bxc7 20. Bxc7 Rc8 21. Bd6 Rfe8 22. Bb5 Red8 23. Be7 Rxd1+ 24. Rxd1 Nh5 25. f4 Nxf4 26. h4 a6 27. Ba4 b5 28. Bb3 Bxb3 29. c3 Bxd1 30. Kxd1 Rxc3 31. Kd2 Rxa3 32. Bd6 g5 33. hxg5 hxg5 34. e5 Kg7 35. Kc2 f6 36. Kb2 Rh3 37. exf6+ Kxf6 38. Kc2 Kf5 39. Kd2 g4 40. Bc5 Ke4 41. Kc2 Rd3 42. Kb2 g3 43. Kc2 g2 44. Kb2 Rg3 45. Kc2 g1=Q 46. Bxg1 Rxg1 47. Kd2 Nd5 48. Kc2 Nxb4+ 49. Kc3 a5 50. Kb3 Rg3+ 51. Kb2 a4 52. Ka1 Rg2 53. Kb1 Kd3 54. Ka1 Kc3 55. Kb1 Rf2 56. Ka1 Kb3 57. Kb1 Rf1# 0-1

[Event "CYCC U12 w"]
[Site "Quebec CAN"]
[Date "2008.07.16"]
[Round "6"]
[White "Powell, Ashley"]
[Black "Kalaydina, Regina Veronicka"]
[Result "1/2-1/2"]
[WhiteElo "1234"]
[BlackElo "1509"]
[PlyCount "90"]
[GameId "2160767910354148"]
[EventDate "2008.07.14"]
[EventType "swiss"]
[EventRounds "6"]
[EventCountry "CAN"]
[SourceTitle "EXT 2011"]
[Source "ChessBase"]
[SourceDate "2011.11.26"]
[SourceVersion "1"]
[SourceVersionDate "2011.11.26"]
[SourceQuality "1"]

1. e4 d5 2. exd5 Qxd5 3. Nc3 Qa5 4. d4 Nf6 5. Nf3 Bf5 6. Be2 e6 7. O-O Be7 8. Bf4 c6 9. Qd2 Qb6 10. Na4 Qd8 11. Nc5 Qc8 12. Rfe1 O-O 13. Rad1 Nbd7 14. Na4 Rd8 15. c4 c5 16. d5 exd5 17. b4 dxc4 18. Bxc4 Nb6 19. Nxb6 axb6 20. Qb2 cxb4 21. Rc1 Qd7 22. Ne5 Qa4 23. Bb3 Qa5 24. Nc4 Qc5 25. Nxb6 Qxb6 26. Bc7 Qa7 27. Rxe7 Rf8 28. Bd6 Be6 29. Rxe6 fxe6 30. Bxe6+ Kh8 31. Bxf8 Rxf8 32. Qxb4 Re8 33. Rc8 Rxc8 34. Bxc8 Qxa2 35. h3 Qa1+ 36. Kh2 Qe5+ 37. f4 Qe3 38. Bxb7 Qe6 39. Ba8 Qe8 40. Bf3 h6 41. g4 Qe3 42. Kg3 Qg1+ 43. Bg2 Qe3+ 44. Bf3 Qg1+ 45. Bg2 Qe3+ 1/2-1/2

[Event "CYCC U12 w"]
[Site "Quebec CAN"]
[Date "2008.07.16"]
[Round "6"]
[White "Wang, Yan"]
[Black "Mongenais, Valerie"]
[Result "1-0"]
[WhiteElo "1587"]
[BlackElo "1282"]
[PlyCount "67"]
[GameId "2160767910354149"]
[EventDate "2008.07.14"]
[EventType "swiss"]
[EventRounds "6"]
[EventCountry "CAN"]
[SourceTitle "EXT 2011"]
[Source "ChessBase"]
[SourceDate "2011.11.26"]
[SourceVersion "1"]
[SourceVersionDate "2011.11.26"]
[SourceQuality "1"]

1. e4 e5 2. Nf3 Nc6 3. Bb5 a6 4. Bxc6 bxc6 5. d3 d6 6. Nc3 Nf6 7. h3 Be6 8. Be3 Be7 9. O-O O-O 10. Ng5 Bd7 11. f4 h6 12. Nf3 exf4 13. Bxf4 d5 14. e5 Nh5 15. Bh2 Rb8 16. Rb1 f6 17. Nh4 Qe8 18. Nf5 Bxf5 19. Rxf5 g6 20. Rf1 Ng7 21. d4 Nf5 22. Qd2 fxe5 23. Bxe5 Bg5 24. Qd3 Be3+ 25. Kh2 Rc8 26. g4 c5 27. gxf5 cxd4 28. Bxd4 Bxd4 29. Qxd4 c6 30. fxg6 Qe7 31. g7 Qc7+ 32. Kh1 Qxg7 33. Rg1 Rf1 34. Qxg7# 1-0

[Event "CYCC U14"]
[Site "Quebec CAN"]
[Date "2008.07.14"]
[Round "1"]
[White "Calugar, Arthur"]
[Black "Li, Ruokai (David)"]
[Result "1-0"]
[WhiteElo "2150"]
[BlackElo "1767"]
[PlyCount "67"]
[GameId "2160767910354150"]
[EventDate "2008.07.14"]
[EventType "swiss"]
[EventRounds "7"]
[EventCountry "CAN"]

1. b3 e5 2. Bb2 Nc6 3. e3 g6 4. Nf3 Bg7 5. Bb5 d6 6. c4 Nge7 7. d4 O-O 8. d5 Nb8 9. O-O Nd7 10. b4 b6 11. Nbd2 a5 12. a3 h6 13. Rc1 f5 14. Nb3 Bb7 15. Qe2 Nf6 16. Rfd1 g5 17. bxa5 bxa5 18. a4 g4 19. Ne1 Ng6 20. Bc3 f4 21. Nxa5 f3 22. Qc2 Rxa5 23. Bxa5 e4 24. c5 g3 25. hxg3 fxg2 26. cxd6 Ng4 27. Qxe4 Nxf2 28. Qxg6 Qa8 29. Rxc7 Nh3+ 30. Kxg2 Bxd5+ 31. Kxh3 Bf7 32. Bc4 Qh1+ 33. Kg4 h5+ 34. Kg5 1-0

[Event "CYCC U14"]
[Site "Quebec CAN"]
[Date "2008.07.14"]
[Round "1"]
[White "Cote-Lalumiere, Tristan"]
[Black "Marinkovic, Mate"]
[Result "1/2-1/2"]
[WhiteElo "1724"]
[BlackElo "1972"]
[PlyCount "111"]
[GameId "2160767910354151"]
[EventDate "2008.07.14"]
[EventType "swiss"]
[EventRounds "7"]
[EventCountry "CAN"]
[SourceTitle "EXT 2011"]
[Source "ChessBase"]
[SourceDate "2011.11.26"]
[SourceVersion "1"]
[SourceVersionDate "2011.11.26"]
[SourceQuality "1"]

1. e4 c5 2. Nf3 d6 3. d4 cxd4 4. Nxd4 Nf6 5. Nc3 g6 6. Be2 Bg7 7. Be3 O-O 8. O-O Nc6 9. Kh1 Bd7 10. f4 Nxd4 11. Bxd4 Bc6 12. Bf3 Rc8 13. e5 dxe5 14. Bxe5 Qxd1 15. Raxd1 Rfd8 16. Rxd8+ Rxd8 17. Bxc6 bxc6 18. Rd1 Rxd1+ 19. Nxd1 Nd5 20. c4 Nb4 21. Bxg7 Kxg7 22. a3 Nd3 23. g3 e5 24. fxe5 Nxe5 25. Ne3 Nd3 26. b4 Kf6 27. b5 cxb5 28. cxb5 Ke5 29. b6 axb6 30. Nc4+ Kd4 31. Nxb6 Kc3 32. Kg2 Kb3 33. a4 Kb4 34. Kf3 Ka5 35. Nc4+ Kxa4 36. Nd6 f5 37. Nf7 Kb5 38. Ng5 h5 39. Ne6 Kc6 40. Nf4 Ne5+ 41. Kf2 Kd6 42. h3 Ke7 43. Ke3 Kf6 44. Nd5+ Kf7 45. Kf4 Nd3+ 46. Kg5 Nf2 47. Nf4 Ne4+ 48. Kh6 Nxg3 49. Nxg6 Kf6 50. Nf4 Ke5 51. Ng6+ Ke4 52. Kg5 Kf3 53. h4 Ke4 54. Nf4 Ke5 55. Ng6+ Ke4 56. Nf4 1/2-1/2

[Event "CYCC U14"]
[Site "Quebec CAN"]
[Date "2008.07.14"]
[Round "1"]
[White "Dawson, Michael"]
[Black "Cheng, Jack"]
[Result "0-1"]
[WhiteElo "1596"]
[BlackElo "2031"]
[PlyCount "92"]
[GameId "2160767910354152"]
[EventDate "2008.07.14"]
[EventType "swiss"]
[EventRounds "7"]
[EventCountry "CAN"]
[SourceTitle "EXT 2011"]
[Source "ChessBase"]
[SourceDate "2011.11.26"]
[SourceVersion "1"]
[SourceVersionDate "2011.11.26"]
[SourceQuality "1"]

1. d4 Nf6 2. c4 g6 3. Nc3 Bg7 4. e4 d6 5. Nf3 O-O 6. d5 e5 7. Bg5 h6 8. Bd2 Ne8 9. Qc1 Kh7 10. h4 h5 11. Be2 a5 12. Qc2 Na6 13. a3 Nc5 14. b3 f5 15. Bd3 f4 16. Ne2 Bf6 17. Neg1 Bd7 18. g3 a4 19. b4 Nb3 20. Rb1 fxg3 21. fxg3 Bg4 22. Be2 Kg8 23. Ng5 Bxg5 24. Bxg5 Qd7 25. Be3 Nf6 26. Nf3 Nxe4 27. Qxe4 Bf5 28. Nxe5 dxe5 29. Qxe5 Bxb1 30. Bd4 Nxd4 31. Qxd4 Rae8 32. Kd2 Be4 33. Re1 Qg7 34. Qxg7+ Kxg7 35. Bd1 Bf5 36. Bxa4 Rxe1 37. Kxe1 Ra8 38. Bd1 Rxa3 39. c5 Rxg3 40. b5 Rc3 41. d6 cxd6 42. c6 bxc6 43. b6 Bc8 44. Ba4 Rc4 45. b7 Bxb7 46. Bd1 Rxh4 0-1

[Event "CYCC U14"]
[Site "Quebec CAN"]
[Date "2008.07.14"]
[Round "1"]
[White "Keith-Jacques, Liam"]
[Black "Prysiazny, Michael"]
[Result "1-0"]
[WhiteElo "2040"]
[BlackElo "1719"]
[PlyCount "49"]
[GameId "2160767910354153"]
[EventDate "2008.07.14"]
[EventType "swiss"]
[EventRounds "7"]
[EventCountry "CAN"]
[SourceTitle "EXT 2011"]
[Source "ChessBase"]
[SourceDate "2011.11.26"]
[SourceVersion "1"]
[SourceVersionDate "2011.11.26"]
[SourceQuality "1"]

1. e4 e5 2. Nf3 Nc6 3. Bb5 a6 4. Ba4 Nf6 5. O-O Be7 6. Re1 b5 7. Bb3 O-O 8. a4 Bb7 9. d3 d6 10. Nbd2 Nd7 11. c3 Na5 12. Bc2 c5 13. Nf1 Re8 14. Ne3 Bf8 15. g3 c4 16. dxc4 Nxc4 17. Nxc4 bxc4 18. Be3 Nf6 19. Bg5 Qb6 20. Bxf6 gxf6 21. a5 Qa7 22. Nh4 Rad8 23. Qh5 d5 24. exd5 e4 25. Rxe4 1-0

[Event "CYCC U14"]
[Site "Quebec CAN"]
[Date "2008.07.14"]
[Round "1"]
[White "Kleinman, Michael"]
[Black "Parker, Dylan"]
[Result "1-0"]
[WhiteElo "2012"]
[BlackElo "1512"]
[PlyCount "109"]
[GameId "2160767910354155"]
[EventDate "2008.07.14"]
[EventType "swiss"]
[EventRounds "7"]
[EventCountry "CAN"]
[SourceTitle "EXT 2011"]
[Source "ChessBase"]
[SourceDate "2011.11.26"]
[SourceVersion "1"]
[SourceVersionDate "2011.11.26"]
[SourceQuality "1"]

1. e4 e5 2. Nf3 Nc6 3. Bb5 a6 4. Ba4 d6 5. c3 Nf6 6. d3 Be7 7. Nbd2 b5 8. Bc2 Bg4 9. h3 Bh5 10. Nf1 d5 11. Ng3 dxe4 12. Nxh5 Nxh5 13. dxe4 Qxd1+ 14. Bxd1 Nf6 15. Bc2 h6 16. Be3 O-O-O 17. O-O g5 18. Nh2 Nb8 19. b4 Nbd7 20. a4 bxa4 21. Rxa4 Kb7 22. Rfa1 Ra8 23. Bd3 Nb8 24. b5 a5 25. Rxa5 Rxa5 26. Rxa5 c5 27. Kf1 Kb6 28. Ra4 Ne8 29. Nf3 f6 30. Nd2 Nc7 31. Nb3 Nxb5 32. Rb4 Kc6 33. Rxb5 Nd7 34. Ra5 Rb8 35. Nd2 Rb2 36. Ke2 Bd8 37. Ra1 Bc7 38. Rb1 Rxb1 39. Bxb1 Ba5 40. Kd3 Kb5 41. Ba2 Nb6 42. Bc4+ Nxc4 43. Nxc4 Bc7 44. Nd2 Bb6 45. c4+ Ka5 46. Nb3+ Kb4 47. Bxc5+ Bxc5 48. Nxc5 Kxc5 49. Kc3 Kc6 50. Kb4 Kb6 51. c5+ Kc6 52. Kc4 Kc7 53. Kd5 Kd7 54. c6+ Ke7 55. g4 1-0

[Event "CYCC U14"]
[Site "Quebec CAN"]
[Date "2008.07.14"]
[Round "1"]
[White "Nadeau, Emmanuel"]
[Black "Inigo, Aquino"]
[Result "1/2-1/2"]
[WhiteElo "1757"]
[BlackElo "2045"]
[PlyCount "87"]
[GameId "2160767910354156"]
[EventDate "2008.07.14"]
[EventType "swiss"]
[EventRounds "7"]
[EventCountry "CAN"]
[SourceTitle "EXT 2011"]
[Source "ChessBase"]
[SourceDate "2011.11.26"]
[SourceVersion "1"]
[SourceVersionDate "2011.11.26"]
[SourceQuality "1"]

1. d4 d5 2. c4 e6 3. Nc3 Nf6 4. Bg5 Be7 5. Nf3 O-O 6. e3 h6 7. Bh4 b6 8. Qc2 Bb7 9. Qd1 Nbd7 10. Bd3 c5 11. O-O cxd4 12. Nxd4 Rc8 13. cxd5 Nxd5 14. Bxe7 Qxe7 15. Nxd5 Bxd5 16. b3 Bb7 17. Qd2 Rfd8 18. Qe2 Nc5 19. Rad1 Nxd3 20. Rxd3 Ba6 21. Nc6 Rxc6 22. Rxd8+ Qxd8 23. Qxa6 Qd7 24. Qe2 Rd6 25. Qc4 Rd1 26. h3 Rxf1+ 27. Qxf1 Qd2 28. Qa6 Qe1+ 29. Qf1 Qxf1+ 30. Kxf1 Kf8 31. Ke2 Ke7 32. Kd3 Kd6 33. Kc4 a6 34. a4 e5 35. e4 h5 36. g3 g6 37. h4 f5 38. f3 Kc6 39. b4 b5+ 40. axb5+ axb5+ 41. Kd3 Kd6 42. f4 Ke6 43. Ke3 Kf6 44. Kf3 1/2-1/2

[Event "CYCC U14"]
[Site "Quebec CAN"]
[Date "2008.07.14"]
[Round "1"]
[White "Wang, Jesse BJ"]
[Black "Michaelis, Nathaniel"]
[Result "1-0"]
[WhiteElo "1874"]
[BlackElo "1471"]
[PlyCount "69"]
[GameId "2160767910354157"]
[EventDate "2008.07.14"]
[EventType "swiss"]
[EventRounds "7"]
[EventCountry "CAN"]

1. e4 c5 2. Nc3 e6 3. Nf3 Nc6 4. d4 Nf6 5. Bg5 Be7 6. dxc5 O-O 7. Bb5 Qa5 8. a3 Re8 9. b4 Qc7 10. Bd3 b6 11. Nb5 Qd8 12. Nd6 Bxd6 13. cxd6 e5 14. O-O Bb7 15. c4 Nd4 16. Nxd4 exd4 17. Re1 Re5 18. f4 Rxg5 19. fxg5 Ne8 20. e5 Qxg5 21. Be4 Bxe4 22. Rxe4 Qf5 23. Qxd4 g6 24. Rf1 Qg5 25. Rg4 Qd8 26. Qd5 Ng7 27. Qxf7+ Kh8 28. Qe7 Ne6 29. Qxd8+ Rxd8 30. Rf6 Kg7 31. Rxe6 dxe6 32. c5 Kf8 33. c6 Ke8 34. Rf4 a5 35. b5 1-0

[Event "CYCC U14"]
[Site "Quebec CAN"]
[Date "2008.07.14"]
[Round "1"]
[White "Xiong, Jerry"]
[Black "Wang, Jerry ZS"]
[Result "1-0"]
[WhiteElo "2205"]
[BlackElo "1874"]
[PlyCount "67"]
[GameId "2160767910354158"]
[EventDate "2008.07.14"]
[EventType "swiss"]
[EventRounds "7"]
[EventCountry "CAN"]
[SourceTitle "EXT 2011"]
[Source "ChessBase"]
[SourceDate "2011.11.26"]
[SourceVersion "1"]
[SourceVersionDate "2011.11.26"]
[SourceQuality "1"]

1. e4 e5 2. Nf3 Nc6 3. Bc4 Nf6 4. d3 h6 5. Be3 d5 6. exd5 Nxd5 7. Bxd5 Qxd5 8. Nc3 Bb4 9. Qd2 Bxc3 10. bxc3 Bg4 11. c4 Qd6 12. Rb1 Bxf3 13. gxf3 b6 14. Rg1 Qf6 15. Qe2 O-O 16. c3 Rad8 17. Kd2 Rd6 18. Kc2 Rfd8 19. Rbd1 Qe6 20. Rg2 Ne7 21. Bc1 Nf5 22. Qe4 b5 23. cxb5 Qxa2+ 24. Bb2 Rb6 25. Ra1 Qe6 26. c4 Rbd6 27. Qxe5 Qxe5 28. Bxe5 Rxd3 29. Rxa7 Rxf3 30. Rxc7 Nd4+ 31. Bxd4 Rxd4 32. b6 Rfd3 33. f4 Rd8 34. b7 1-0

[Event "CYCC U14"]
[Site "Quebec CAN"]
[Date "2008.07.14"]
[Round "1"]
[White "Zhang, David"]
[Black "Sapozhnikov, Roman"]
[Result "0-1"]
[WhiteElo "1811"]
[BlackElo "2180"]
[PlyCount "108"]
[GameId "2160767910354159"]
[EventDate "2008.07.14"]
[EventType "swiss"]
[EventRounds "7"]
[EventCountry "CAN"]
[SourceTitle "EXT 2011"]
[Source "ChessBase"]
[SourceDate "2011.11.26"]
[SourceVersion "1"]
[SourceVersionDate "2011.11.26"]
[SourceQuality "1"]

1. e4 c5 2. Nf3 Nc6 3. d4 cxd4 4. Nxd4 e6 5. Nb5 d6 6. Bf4 e5 7. Be3 Nf6 8. Bg5 Be7 9. N1c3 a6 10. Na3 b5 11. Bxf6 Bxf6 12. Nd5 O-O 13. Be2 Bg5 14. Bg4 Be6 15. O-O Ne7 16. Nxe7+ Qxe7 17. c3 g6 18. Bxe6 fxe6 19. Qb3 Rab8 20. Rad1 Rfd8 21. Nc2 a5 22. a3 Rdc8 23. Rd3 Rc4 24. Rfd1 Rb6 25. f3 Qc7 26. Kf1 Qc5 27. g3 Qc7 28. Kg2 h5 29. h4 Bh6 30. Kf2 Qc5+ 31. Kg2 Kh7 32. Qa2 Qc7 33. Qb3 Kh8 34. Qa2 Rbc6 35. Qb3 Qb6 36. Kf1 Kg7 37. Kg2 Kf7 38. Qa2 b4 39. axb4 axb4 40. Rxd6 Rxd6 41. Rxd6 Qxd6 42. Qxc4 Qd2+ 43. Kf1 Qxc2 44. Qc7+ Kg8 45. Qb8+ Bf8 46. Qxe5 Qc1+ 47. Kg2 Qxb2+ 48. Kh3 Qxc3 49. Qxe6+ Kh7 50. f4 Qe1 51. Kg2 Qe2+ 52. Kh1 Bc5 53. g4 Qf1+ 54. Kh2 Bg1+ 0-1

[Event "CYCC U14"]
[Site "Quebec CAN"]
[Date "2008.07.14"]
[Round "2"]
[White "Cheng, Jack"]
[Black "Xiong, Jerry"]
[Result "1-0"]
[WhiteElo "2031"]
[BlackElo "2205"]
[PlyCount "89"]
[GameId "2160767910354160"]
[EventDate "2008.07.14"]
[EventType "swiss"]
[EventRounds "7"]
[EventCountry "CAN"]
[SourceTitle "EXT 2011"]
[Source "ChessBase"]
[SourceDate "2011.11.26"]
[SourceVersion "1"]
[SourceVersionDate "2011.11.26"]
[SourceQuality "1"]

1. e4 c5 2. Nf3 d6 3. d4 cxd4 4. Nxd4 Nf6 5. Nc3 g6 6. Be3 Bg7 7. f3 O-O 8. Qd2 Nc6 9. Bc4 Bd7 10. O-O-O Rb8 11. Bb3 Na5 12. Bh6 Nxb3+ 13. cxb3 Qa5 14. h4 Rfc8 15. Kb1 Bh8 16. g4 b5 17. Nd5 Qd8 18. h5 Nxd5 19. exd5 Qe8 20. hxg6 fxg6 21. Ne6 Bxe6 22. dxe6 Rc7 23. Qh2 g5 24. Qh5 Qg6+ 25. Qxg6+ hxg6 26. Bxg5 Rbc8 27. Rc1 Rxc1+ 28. Rxc1 Rxc1+ 29. Bxc1 Kf8 30. Bd2 Bd4 31. Kc2 Ke8 32. Bc3 Bb6 33. Kd3 Kd8 34. f4 d5 35. g5 Ke8 36. Bd4 Bc7 37. Ke3 a6 38. Bc5 Bb8 39. Kf3 Bc7 40. b4 Kf8 41. Kg4 Bd8 42. f5 gxf5+ 43. Kxf5 Bc7 44. g6 a5 45. Bxe7+ 1-0